| 000 | 00590nam a22001697a 4500 | ||
|---|---|---|---|
| 010 | _aENG-114897 | ||
| 020 |
_a9789350098547 _c599.00 |
||
| 035 | _aEN-98429 | ||
| 037 | _bDBAD/PUB | ||
| 082 | _a880.8 | ||
| 100 | _aJussawalla, Adil | ||
| 245 |
_aI dreamt a horse fell from the sky : _bpoems, fiction and non-fiction (1962-2015) / _cby Adil Jussawalla |
||
| 260 |
_aGurgaon _bHachette Book Publishing _c2015 |
||
| 270 |
_a4th and 5th Floors, Corporate Centre, Plot No.-94,Sector-44, _bGurgaon _e122003 |
||
| 300 |
_axxvi,347p. _b22cm(Hb) |
||
| 942 |
_2ddc _cEN _mJUS _h880.8 |
||
| 999 |
_c98894 _d98894 |
||